Welcome to CU Library Online Public Access Catalogue (OPAC)

Cells, gels and the engines of life : (Record no. 2168)

MARC details
000 -LEADER
fixed length control field 00606cam a22001937a 4500
001 - CONTROL NUMBER
control field 13223239
005 - DATE AND TIME OF LATEST TRANSACTION
control field 20241213144020.0
008 - FIXED-LENGTH DATA ELEMENTS--GENERAL INFORMATION
fixed length control field 030603s2001 waua b 001 0 eng d
020 ## - INTERNATIONAL STANDARD BOOK NUMBER
International Standard Book Number 0962689513 (cased)
020 ## - INTERNATIONAL STANDARD BOOK NUMBER
International Standard Book Number 9780962689529
050 00 - LIBRARY OF CONGRESS CALL NUMBER
Classification number QH631
Item number .P64 2001
082 00 - DEWEY DECIMAL CLASSIFICATION NUMBER
Classification number 571.6
Edition information 22
100 1# - MAIN ENTRY--PERSONAL NAME
Personal name Pollack, Gerald H.
245 10 - TITLE STATEMENT
Title Cells, gels and the engines of life :
Remainder of title a new, unifying approach to cell function /
Statement of responsibility, etc. Gerald H. Pollack.
260 ## - PUBLICATION, DISTRIBUTION, ETC.
Place of publication, distribution, etc. Seattle, WA :
Name of publisher, distributor, etc. Ebner & Sons,
Date of publication, distribution, etc. c2001.
300 ## - PHYSICAL DESCRIPTION
Extent xiv, 305 p. :
Other physical details ill. (some col.) ;
Dimensions 25 cm.
650 #0 - SUBJECT ADDED ENTRY--TOPICAL TERM
Topical term or geographic name entry element Cell physiology.
942 ## - ADDED ENTRY ELEMENTS (KOHA)
Source of classification or shelving scheme Library of Congress Classification
Koha item type Books
Suppress in OPAC No
999 ## -
-- 2168
-- 2168
Holdings
Withdrawn status Lost status Source of classification or shelving scheme Damaged status Not for loan Collection Home library Current library Shelving location Date acquired Total checkouts Full call number Barcode Date last seen Copy number Price effective from Koha item type
    Library of Congress Classification     Non-fiction Science Library (Miotso) Science Library (Miotso) General stacks 12/13/2024   QH631 .P64 POL SLM00001347 12/13/2024 1 12/13/2024 Books
© 2023-2024 Copyright: Central University Libraries. All Rights Reserved | Created by: Mahone Tech Office